| 000 -LEADER |
| fixed length control field |
00918mam a2200193 a 4500 |
| 005 - DATE AND TIME OF LATEST TRANSACTION |
| control field |
20131016054836.0 |
| 008 - FIXED-LENGTH DATA ELEMENTS--GENERAL INFORMATION |
| fixed length control field |
970602s1997 nyu b 001 0 eng |
| 020 ## - INTERNATIONAL STANDARD BOOK NUMBER |
| International Standard Book Number |
080148457X |
| 041 0# - LANGUAGE CODE |
| Language code of text/sound track or separate title |
ger |
| 080 ## - UNIVERSAL DECIMAL CLASSIFICATION NUMBER |
| Universal Decimal Classification number |
32 (035) EVE |
| 100 1# - Rafti |
| Rafti |
Van Evera, Stephen. |
| 245 10 - TITLE STATEMENT |
| Title |
Guide to methods for students of political science / |
| Statement of responsibility, etc |
Stephen Van Evera. |
| 260 ## - |
| -- |
Ithaca : |
| -- |
Cornell University Press, |
| -- |
1997. |
| 300 ## - |
| -- |
vi, 136 p. ; |
| -- |
21 cm. |
| 504 ## - BIBLIOGRAPHY, ETC. NOTE |
| Bibliography, etc |
Includes bibliographical references (p. [129]-133) and index. |
| 505 00 - |
| -- |
1. |
| -- |
Hypotheses, Laws, and Theories: A User's Guide -- |
| -- |
2. |
| -- |
What Are Case Studies? How Should They Be Performed? -- |
| -- |
3. |
| -- |
What Is a Political Science Dissertation? -- |
| -- |
4. |
| -- |
Helpful Hints on Writing a Political Science Dissertation -- |
| -- |
5. |
| -- |
The Dissertation Proposal -- |
| -- |
6. |
| -- |
Professional Ethics -- |
| -- |
App. |
| -- |
How to Write a Paper. |
| 650 #0 - |
| -- |
Shkenca politike |
| -- |
Metodologjia |
| 942 ## - ADDED ENTRY ELEMENTS (KOHA) |
| Source of classification or shelving scheme |
|
| Item type |
Books |